| 000 | 01678nam a22003977a 4500 | ||
|---|---|---|---|
| 001 | 17018731 | ||
| 003 | OSt | ||
| 005 | 20210421064734.0 | ||
| 008 | 111024s2012 nyua b 001 0beng | ||
| 010 | _a 2011044274 | ||
| 020 | _a9781608193721 (alk. paper) | ||
| 020 | _a1608193721 (alk. paper) | ||
| 040 |
_aeng _cDLC _deng _beng |
||
| 041 | _aeng | ||
| 042 | _apcc | ||
| 043 | _ae-uk--- | ||
| 050 | 0 | 0 |
_aDA566.9.C5 _bC548 2012 |
| 080 |
_a92 _bC-59 |
||
| 082 | 0 | 0 |
_a941.084092 _aB _223 |
| 100 | 1 | _aClarke, P. F. | |
| 245 | 1 | 0 |
_aMr. Churchill's profession : _bthe statesman as author and the book that defined the 'special relationship' / _cPeter Clarke. |
| 250 | _a1st U.S. ed. | ||
| 260 |
_aNew York : _bBloomsbury Press, _c2012. |
||
| 300 |
_axix, 347 p. : _bill . ; _c25 cm. |
||
| 365 | _b30 usd | ||
| 504 | _aIncludes bibliographical references (p.318 -331) and index. | ||
| 505 | 0 | _aThe two careers of Winston S. Churchill. -- Father's boy: heritage, 1874-97 -- Mother's boy: the author of his fortune, 1898-1921 -- The author of his reputation. -- The English-speaking peoples before Churchill -- Author, two contracts, 1922-32 -- The struggle on two fronts, 1933-38 -- The historian as prophet, 1938-39 -- The author of victory, 1940-45 -- The author as celebrity, 1945-65. | |
| 600 | 1 | 0 |
_aChurchill, Winston, _d1874-1965 _xWriting skill. |
| 650 | 0 |
_aPrime ministers _zGreat Britain _vBiography. |
|
| 650 | 0 |
_aBiography _9237 |
|
| 651 | 0 |
_aGreat Britain _xHistory _y20th century. |
|
| 653 | _aბიოგრაფია | ||
| 906 |
_a7 _bcbc _corignew _d1 _eecip _f20 _gy-gencatlg |
||
| 942 |
_2udc _cBK _e1 |
||
| 999 |
_c670 _d670 |
||